| 000 -LEADER |
| fixed length control field |
02652nam a22006617a 4500 |
| 008 - FIXED-LENGTH DATA ELEMENTS--GENERAL INFORMATION |
| fixed length control field |
260414b xxu||||| |||| 00| 0 eng d |
| 040 ## - CATALOGING SOURCE |
| Transcribing agency |
Cagayan State University |
| 082 ## - DEWEY DECIMAL CLASSIFICATION NUMBER |
| Classification number |
791.4372 |
| Item number |
G36 2026 |
| 245 ## - TITLE STATEMENT |
| Title |
Return to Silent Hill / |
| Statement of responsibility, etc |
directed by Christope Gans ; produced by Victor Hadida, Molly Hassel, David M. Wulf ; written by Christophe Gans, Sandra Vo-Anh, Will Schneider ; edited by Sébastien Prangère. |
| 260 ## - PUBLICATION, DISTRIBUTION, ETC. (IMPRINT) |
| Place of publication, distribution, etc |
France ; United States : |
| Name of publisher, distributor, etc |
Metropolitan Filmexport ; Iconic Events Releasing, |
| Date of publication, distribution, etc |
c2026. |
| 300 ## - PHYSICAL DESCRIPTION |
| Extent |
1 videofile, (ca. 106 minutes) : |
| Other physical details |
sound, color. |
| 520 ## - SUMMARY, ETC. |
| Summary, etc |
A man receives a mysterious letter from his lost love and returns to Silent Hill, a town filled with darkness, strange creatures, and hidden truths as he searches for her. |
| 546 ## - LANGUAGE NOTE |
| Language note |
In English with subtitles. |
| 650 ## - SUBJECT ADDED ENTRY--TOPICAL TERM |
| Topical term or geographic name as entry element |
Horror films |
| 650 ## - SUBJECT ADDED ENTRY--TOPICAL TERM |
| Topical term or geographic name as entry element |
Mystery films |
| 655 ## - INDEX TERM--GENRE/FORM |
| Source of term |
Icgft |
| Genre/form data or focus term |
Horror Films |
| 655 ## - INDEX TERM--GENRE/FORM |
| Source of term |
Icgft |
| Genre/form data or focus term |
Mystery Films |
| 700 ## - ADDED ENTRY--PERSONAL NAME |
| Personal name |
Milicevic, Marija, cast. |
| 700 ## - ADDED ENTRY--PERSONAL NAME |
| Personal name |
Kanazarevic, Anastasija, cast. |
| 700 ## - ADDED ENTRY--PERSONAL NAME |
| Personal name |
Franeta, Janja, cast. |
| 700 ## - ADDED ENTRY--PERSONAL NAME |
| Personal name |
Obradovic, Ana, cast. |
| 700 ## - ADDED ENTRY--PERSONAL NAME |
| Personal name |
Korobova, Ljudmila, cast. |
| 700 ## - ADDED ENTRY--PERSONAL NAME |
| Personal name |
Anic, Masa, cast. |
| 700 ## - ADDED ENTRY--PERSONAL NAME |
| Personal name |
Cicmil, Asia, cast. |
| 700 ## - ADDED ENTRY--PERSONAL NAME |
| Personal name |
Basil, Adam, cast. |
| 700 ## - ADDED ENTRY--PERSONAL NAME |
| Personal name |
Moushall, Rhiannon, cast. |
| 700 ## - ADDED ENTRY--PERSONAL NAME |
| Personal name |
Ivanovic, Slavisa, cast. |
| 700 ## - ADDED ENTRY--PERSONAL NAME |
| Personal name |
Pasquini, Matteo, cast. |
| 700 ## - ADDED ENTRY--PERSONAL NAME |
| Personal name |
Irvine, Jeremy, cast. |
| 700 ## - ADDED ENTRY--PERSONAL NAME |
| Personal name |
Anderson, Hannah Emily, cast. |
| 700 ## - ADDED ENTRY--PERSONAL NAME |
| Personal name |
Templeton, Evie, cast. |
| 700 ## - ADDED ENTRY--PERSONAL NAME |
| Personal name |
Velimirov, Ljiljana, cast. |
| 700 ## - ADDED ENTRY--PERSONAL NAME |
| Personal name |
Pelagatti, Giulia, cast. |
| 700 ## - ADDED ENTRY--PERSONAL NAME |
| Personal name |
Strange, Robert, cast. |
| 700 ## - ADDED ENTRY--PERSONAL NAME |
| Personal name |
Egan, Pearse, cast. |
| 700 ## - ADDED ENTRY--PERSONAL NAME |
| Personal name |
Alexis, Nicola, cast. |
| 700 ## - ADDED ENTRY--PERSONAL NAME |
| Personal name |
Macklin, Eve, cast. |
| 700 ## - ADDED ENTRY--PERSONAL NAME |
| Personal name |
Duru, Lara, cast. |
| 700 ## - ADDED ENTRY--PERSONAL NAME |
| Personal name |
Duru, Karya, cast. |
| 700 ## - ADDED ENTRY--PERSONAL NAME |
| Personal name |
Saddler, Howard, cast. |
| 700 ## - ADDED ENTRY--PERSONAL NAME |
| Personal name |
Graham, Melissa, cast. |
| 700 ## - ADDED ENTRY--PERSONAL NAME |
| Personal name |
Yamaoka, Akira, composer. |
| 700 ## - ADDED ENTRY--PERSONAL NAME |
| Personal name |
Rosso, Pablo, cinematographer. |
| 700 ## - ADDED ENTRY--PERSONAL NAME |
| Personal name |
Prangere, Sebastien, editor. |
| 700 ## - ADDED ENTRY--PERSONAL NAME |
| Personal name |
Aleksic, Stefan, art director. |
| 700 ## - ADDED ENTRY--PERSONAL NAME |
| Personal name |
Djurdjevic, Olga, art director. |
| 700 ## - ADDED ENTRY--PERSONAL NAME |
| Personal name |
Nikolic, Bojana, art director. |
| 700 ## - ADDED ENTRY--PERSONAL NAME |
| Personal name |
Hazen, Paul W., production management. |
| 700 ## - ADDED ENTRY--PERSONAL NAME |
| Personal name |
Malik, Kabir, production management. |
| 700 ## - ADDED ENTRY--PERSONAL NAME |
| Personal name |
Grahovac, Jovana, set decorator. |
| 700 ## - ADDED ENTRY--PERSONAL NAME |
| Personal name |
Bailovic, Momirka, costume designer. |
| 700 ## - ADDED ENTRY--PERSONAL NAME |
| Personal name |
Sonae, Koyo, music department. |
| 700 ## - ADDED ENTRY--PERSONAL NAME |
| Personal name |
Cooper, Mason, music department. |
| 700 ## - ADDED ENTRY--PERSONAL NAME |
| Personal name |
Sonnleitner, Florian, music department. |
| 700 ## - ADDED ENTRY--PERSONAL NAME |
| Personal name |
Yamaoka, Akira, music department. |
| 700 ## - ADDED ENTRY--PERSONAL NAME |
| Personal name |
Kljajic, Aleksandra, script and continuity department. |
| 942 ## - ADDED ENTRY ELEMENTS (KOHA) |
| Source of classification or shelving scheme |
|
| Item type |
Audio-Visual Materials |